Geography Quiz

Random Geography or World Quiz

Crossing the Seas Quiz Stats

 Plays Quiz Updated Dec 31, 2017

Score 0/20 Timer 10:00
4 Plays Today
Countries Sea % Correct
Sudan → Saudi ArabiaRed Sea
87.1%
Haiti → NicaraguaCaribbean Sea
86.7%
France → IsraelMediterranean Sea
82.6%
Romania → GeorgiaBlack Sea
78.6%
Sweden → PolandBaltic Sea
74.3%
Italy → Bosnia and HerzegovinaAdriatic Sea
70.2%
Philippines → VietnamSouth China Sea
66%
Russia → IranCaspian Sea
64.5%
Ireland → United KingdomIrish Sea
57.1%
Japan → RussiaSea of Japan/Sea of Okhotsk
55.9%
Countries Sea % Correct
Australia → New ZealandTasman Sea
42.8%
China → South KoreaYellow Sea
42.1%
Oman → IndiaArabian Sea
41.2%
Italy → GreeceIonian Sea
32.8%
Norway → IcelandNorwegian Sea
26.2%
Myanmar → IndonesiaAndaman Sea
24.3%
Timor-Leste → AustraliaTimor Sea
21.4%
Philippines → PalauPhilippine Sea
17.1%
India → MaldivesLaccadive Sea
12.4%
Papua New Guinea → MicronesiaBismarck Sea
10.1%

You're not logged in!

Compare scores with friends on all Sporcle quizzes.
OR
Log In

You Might Also Like...

Show Comments

Extras

Top Quizzes Today


Score Distribution

Your Account Isn't Verified!

In order to create a playlist on Sporcle, you need to verify the email address you used during registration. Go to your Sporcle Settings to finish the process.

Report this User

Report this user for behavior that violates our Community Guidelines.

Details: